000 00363nam a22001457a 4500
003 MACL
005 20190403150100.0
008 190403b xxu||||| |||| 00| 0 eng d
040 _c MACL
100 _aJain, Subhash
_932664
245 _aImprove Your Word Power
260 _aNew Delhi
_bPrabhat Prakashan
_c2017
650 _aGrammer
_974106
942 _2ddc
_cBK
999 _c59239
_d59239